[Event "BEL-chT 1819"]
[Site "Belgium"]
[Date "2018.10.07"]
[Round "2.8"]
[White "Dambiermont, Marc"]
[Black "De Gueldre, Philippe"]
[Result "0-1"]
[WhiteElo "1903"]
[BlackElo "2229"]
[PlyCount "70"]
[EventDate "2018.09.30"]
[EventType "team-tourn"]
[EventRounds "11"]
[EventCountry "BEL"]
[SourceTitle "CBM 186 Extra"]
[Source "ChessBase"]
[SourceDate "2018.08.24"]
[SourceVersion "1"]
[SourceVersionDate "2018.08.24"]
[SourceQuality "1"]
[WhiteTeam "Echiquier Mosan"]
[BlackTeam "Liege Crelel"]
[WhiteTeamCountry "BEL"]
[BlackTeamCountry "BEL"]

1. d4 d5 2. Bf4 Nf6 3. e3 c5 4. Nf3 Nc6 5. dxc5 e6 6. c3 Bxc5 7. b4 Bd6 8. Bxd6 Qxd6 9. Nbd2 e5 10. Be2 e4 11. Nd4 Nxd4 12. cxd4 Qxb4 13. Rb1 Qd6 14. Bb5+ Bd7 15. Qa4 b6 16. Rc1 0-0 17. Ke2 Rfc8 18. f4 exf3+ 19. Nxf3 Bxb5+ 20. Qxb5 Ne4 21. Qd3 b5 22. Nd2 Qg6 23. g3 Qg4+ 24. Nf3 b4 25. Qb3 a5 26. Rhf1 Qh5 27. Rc2 Qh3 28. Rg1 Rxc2+ 29. Qxc2 Rc8 30. Qb3 Qf5 31. g4 Qd7 32. Ne5 Qb5+ 33. Qd3 Rc2+ 34. Kf1 Qxd3+ 35. Nxd3 Rxa2 0-1

[Event "BEL-chT 1718"]
[Site "Belgium"]
[Date "2017.10.22"]
[Round "3.8"]
[White "Nguyen, Kevin"]
[Black "De Gueldre, Philippe"]
[Result "1-0"]
[WhiteElo "2236"]
[BlackElo "2200"]
[PlyCount "71"]
[EventDate "2017.09.24"]
[EventType "team-tourn"]
[EventRounds "11"]
[EventCountry "BEL"]
[SourceTitle "EXT 2019"]
[Source "ChessBase"]
[SourceDate "2018.10.10"]
[SourceVersion "1"]
[SourceVersionDate "2018.10.10"]
[SourceQuality "1"]
[WhiteTeam "Brasschaat"]
[BlackTeam "Liege Crelel"]
[WhiteTeamCountry "BEL"]
[BlackTeamCountry "BEL"]

1. e4 e5 2. Nf3 Nc6 3. Bb5 a6 4. Ba4 Nf6 5. d3 d6 6. 0-0 g6 7. c3 Bg7 8. Re1 0-0 9. Nbd2 Nd7 10. Nf1 Nc5 11. Bc2 Ne6 12. b4 f5 13. a4 Kh8 14. exf5 gxf5 15. Ne3 d5 16. b5 axb5 17. Ba3 b4 18. cxb4 Ne7 19. Bb2 Ng6 20. h4 e4 21. Bxg7+ Kxg7 22. dxe4 dxe4 23. Qxd8 Nxd8 24. Nd4 Nxh4 25. Nd5 Rf7 26. Bb3 Ne6 27. Nb5 Ra6 28. Rac1 Rc6 29. Na7 Nd4 30. Bc4 Ndf3+ 31. gxf3 Nxf3+ 32. Kf1 Be6 33. Nxc6 Nd2+ 34. Kg2 Nxc4 35. Nf4 bxc6 36. Nxe6+ 1-0

[Event "BEL-chT 1617"]
[Site "Belgium"]
[Date "2016.10.16"]
[Round "2.6"]
[White "De Gueldre, Philippe"]
[Black "Sterck, Arno"]
[Result "1/2-1/2"]
[WhiteElo "2199"]
[BlackElo "2191"]
[PlyCount "86"]
[EventDate "2016.10.02"]
[EventType "team-tourn"]
[EventRounds "11"]
[EventCountry "BEL"]
[SourceTitle "EXT 2017"]
[Source "ChessBase"]
[SourceDate "2016.10.25"]
[SourceVersion "1"]
[SourceVersionDate "2016.10.25"]
[SourceQuality "1"]
[WhiteTeam "Liege Crelel"]
[BlackTeam "KBSK Brugge"]
[WhiteTeamCountry "BEL"]
[BlackTeamCountry "BEL"]

1. d4 d5 2. c4 c6 3. Nf3 Nf6 4. Nc3 e6 5. e3 Nbd7 6. Qc2 Bd6 7. b3 0-0 8. Be2 b6 9. 0-0 Bb7 10. Bb2 Qe7 11. e4 Nxe4 12. Nxe4 dxe4 13. Qxe4 f5 14. Qc2 c5 15. Rfe1 Be4 16. Qd2 cxd4 17. Nxd4 Rad8 18. Bf3 Nf6 19. Qe2 Bc5 20. Nc6 Bxc6 21. Bxc6 Ng4 22. Qxe6+ Qxe6 23. Rxe6 Rd2 24. Bd5 Kh8 25. Be5 Nxe5 26. Rxe5 Bd4 27. Ree1 Bxa1 28. Rxa1 Re8 29. Kf1 Ree2 30. Bf3 Rxa2 31. Rd1 Red2 32. Re1 g6 33. h4 Rxf2+ 34. Kg1 Rfb2 35. Re7 h5 36. Kh2 Rxb3 37. Kg3 Kg8 38. Kf4 Kf8 39. Rc7 Rd3 40. Ke5 Ra5+ 41. Bd5 Ra6 42. Bb7 Ra5+ 43. Bd5 Ra6 1/2-1/2

[Event "BEL-chT 1516"]
[Site "Belgium"]
[Date "2015.11.22"]
[Round "4.7"]
[White "De Gueldre, Philippe"]
[Black "Henris, Luc"]
[Result "1/2-1/2"]
[WhiteElo "2171"]
[BlackElo "2163"]
[PlyCount "34"]
[EventDate "2015.09.27"]
[EventType "team-tourn"]
[EventRounds "11"]
[EventCountry "BEL"]
[SourceTitle "EXT 2017"]
[Source "ChessBase"]
[SourceDate "2016.10.25"]
[SourceVersion "1"]
[SourceVersionDate "2016.10.25"]
[SourceQuality "1"]
[WhiteTeam "Liege Crelel"]
[BlackTeam "Namur"]
[WhiteTeamCountry "BEL"]
[BlackTeamCountry "BEL"]

1. d4 d5 2. c4 e5 3. dxe5 d4 4. Nf3 Nc6 5. Nbd2 Nge7 6. Nb3 Nf5 7. e4 dxe3 8. Qxd8+ Nxd8 9. fxe3 g6 10. e4 Ne7 11. Bd2 Bg7 12. Bc3 Ne6 13. c5 Bd7 14. Bc4 0-0-0 15. 0-0 Nc6 16. Rad1 Rhe8 17. g3 Re7 1/2-1/2

[Event "BEL-chT 1516"]
[Site "Belgium"]
[Date "2015.09.27"]
[Round "1.7"]
[White "De Gueldre, Philippe"]
[Black "Goormachtigh, Johan"]
[Result "1-0"]
[WhiteElo "2171"]
[BlackElo "2211"]
[PlyCount "67"]
[EventDate "2015.09.27"]
[EventType "team-tourn"]
[EventRounds "11"]
[EventCountry "BEL"]
[SourceTitle "CBM 168 Extra"]
[Source "ChessBase"]
[SourceDate "2015.10.29"]
[SourceVersion "1"]
[SourceVersionDate "2015.10.29"]
[SourceQuality "1"]
[WhiteTeam "Liege Crelel"]
[BlackTeam "KGSRL"]
[WhiteTeamCountry "BEL"]
[BlackTeamCountry "BEL"]

1. e4 c5 2. Nc3 Nc6 3. g3 g6 4. Bg2 Bg7 5. d3 d6 6. Nh3 e5 7. 0-0 h5 8. Kh1 h4 9. g4 Nf6 10. f3 Nd4 11. Nd5 Ne6 12. c3 Bd7 13. f4 Nxd5 14. exd5 Nxf4 15. Nxf4 exf4 16. Re1+ Kf8 17. Bxf4 Qf6 18. Rf1 h3 19. Be4 Kg8 20. Bg3 Qe7 21. Qf3 Rf8 22. Rae1 f5 23. Bxf5 Qf6 24. Be4 Bxg4 25. Qxf6 Rxf6 26. Rxf6 Bxf6 27. Bxd6 b6 28. Rg1 Bh5 29. Rf1 Kg7 30. Bc7 Rf8 31. d6 Be5 32. Rxf8 Kxf8 33. Bb8 b5 34. d7 1-0

[Event "BEL-chT 1314"]
[Site "Belgium"]
[Date "2013.09.22"]
[Round "1.8"]
[White "De Gueldre, Philippe"]
[Black "Vanheirzeele, Daniel"]
[Result "1-0"]
[WhiteElo "2124"]
[BlackElo "2110"]
[PlyCount "99"]
[EventDate "2013.09.22"]
[EventType "team-tourn"]
[EventRounds "11"]
[EventCountry "BEL"]
[SourceTitle "CBM 156 Extra"]
[Source "ChessBase"]
[SourceDate "2013.10.22"]
[SourceVersion "1"]
[SourceVersionDate "2013.10.22"]
[SourceQuality "1"]
[WhiteTeam "Liege Crelel"]
[BlackTeam "KGSRL"]
[WhiteTeamCountry "BEL"]
[BlackTeamCountry "BEL"]

1. e4 c5 2. Nf3 d6 3. d4 cxd4 4. Nxd4 Nf6 5. Nc3 g6 6. Be3 Bg7 7. f3 Nc6 8. Qd2 0-0 9. Bc4 Bd7 10. 0-0-0 Rb8 11. Bb3 Na5 12. Bh6 Bxh6 13. Qxh6 e5 14. Nde2 b5 15. Ng3 Nxb3+ 16. cxb3 b4 17. Nce2 a5 18. Kb1 Rb6 19. h4 Ne8 20. Qd2 h5 21. Nf1 Ng7 22. Ne3 Be6 23. g4 Qd7 24. Rhg1 a4 25. Nd5 Bxd5 26. Qxd5 axb3 27. gxh5 bxa2+ 28. Ka1 Qe6 29. Qxe6 Nxe6 30. hxg6 b3 31. Nc3 Nf4 32. g7 Rc8 33. h5 Rxc3 34. bxc3 Nxh5 35. Kb2 Nxg7 36. Rd5 Kf8 37. Rgd1 Ke7 38. Ra5 Ne6 39. Ra7+ Ke8 40. Rh1 Rb8 41. Rd1 Rb6 42. Rh1 Kf8 43. Rh7 Nc5 44. Ra8+ Ke7 45. Ra7+ Ke6 46. Rh6+ f6 47. Rh1 Nd3+ 48. Ka1 Rc6 49. Rhh7 f5 50. Rh6# 1-0

[Event "BEL-chT 1011"]
[Site "Belgium"]
[Date "2011.03.20"]
[Round "10.3"]
[White "Akhayan, Ruben"]
[Black "De Gueldre, Philippe"]
[Result "0-1"]
[WhiteElo "2305"]
[BlackElo "2135"]
[PlyCount "130"]
[EventDate "2010.09.26"]
[EventType "team-tourn"]
[EventRounds "11"]
[EventCountry "BEL"]
[SourceTitle "EXT 2012"]
[Source "ChessBase"]
[SourceDate "2011.11.24"]
[SourceVersion "1"]
[SourceVersionDate "2011.11.24"]
[SourceQuality "1"]
[WhiteTeam "Charleroi CREC"]
[BlackTeam "Liege Crelel"]
[WhiteTeamCountry "BEL"]
[BlackTeamCountry "BEL"]

1. Nf3 d5 2. g3 Nf6 3. Bg2 c6 4. c4 e6 5. 0-0 dxc4 6. Qc2 Be7 7. Qxc4 b5 8. Qc2 Bb7 9. d4 Nbd7 10. a4 a6 11. Bg5 h6 12. Bxf6 Bxf6 13. Nbd2 Rc8 14. Nb3 Qb6 15. Rfc1 0-0 16. e3 Be7 17. Nc5 Nxc5 18. dxc5 Qc7 19. Nd4 Bf6 20. Nb3 Ra8 21. Ra2 Rfc8 22. Rca1 Bd8 23. Qe4 Qe7 24. h4 Ra7 25. Qd4 a5 26. Rc1 b4 27. Nd2 Ba6 28. Ne4 Bc7 29. Nd6 Rd8 30. Rd1 e5 31. Qd2 Bxd6 32. cxd6 Qe6 33. Raa1 Rad7 34. Qc2 Rxd6 35. Rxd6 Qxd6 36. Qxc6 Qxc6 37. Bxc6 Rd2 38. b3 Bd3 39. Bb5 e4 40. Rc1 Rb2 41. Bc4 Kf8 42. Kg2 Ke7 43. Bd5 Bc2 44. g4 f6 45. Kg3 Kd6 46. Ba8 Ra2 47. h5 Bxb3 48. Rc6+ Kd7 49. Ra6 Bxa4 50. Bxe4 b3 51. Bf5+ Kc7 52. Ra7+ Kb6 53. Rxg7 Rc2 54. Rg8 Bc6 55. Rb8+ Bb7 56. Rd8 a4 57. Rd4 Kb5 58. Bd3+ Ka5 59. Rd7 Bc6 60. Ra7+ Kb4 61. e4 a3 62. e5 Rc3 63. exf6 Rxd3+ 64. Kf4 Rf3+ 65. Ke5 b2 0-1

[Event "BEL-chT 1011"]
[Site "Belgium"]
[Date "2010.12.05"]
[Round "5.2"]
[White "Docx, Stefan"]
[Black "De Gueldre, Philippe"]
[Result "1-0"]
[WhiteElo "2382"]
[BlackElo "2135"]
[PlyCount "119"]
[EventDate "2010.09.26"]
[EventType "team-tourn"]
[EventRounds "11"]
[EventCountry "BEL"]
[SourceTitle "EXT 2012"]
[Source "ChessBase"]
[SourceDate "2011.11.24"]
[SourceVersion "1"]
[SourceVersionDate "2011.11.24"]
[SourceQuality "1"]
[WhiteTeam "Borgerhout"]
[BlackTeam "Liege Crelel"]
[WhiteTeamCountry "BEL"]
[BlackTeamCountry "BEL"]

1. d4 Nf6 2. c4 e6 3. g3 d5 4. Nf3 dxc4 5. Bg2 Be7 6. 0-0 0-0 7. Qc2 a6 8. Qxc4 b5 9. Qc2 Bb7 10. Bd2 Be4 11. Qc1 Nbd7 12. Ba5 Ra7 13. Nbd2 Bd5 14. Qc2 Qa8 15. b4 Ne4 16. Ne1 Nxd2 17. Qxd2 Nb8 18. Rc1 Bxg2 19. Nxg2 Nc6 20. e3 Nxa5 21. bxa5 c5 22. dxc5 Rc7 23. Nf4 Bxc5 24. Rfd1 Rfc8 25. Nd3 Be7 26. Rxc7 Rxc7 27. Nc1 Qc8 28. Nb3 h6 29. Qd3 Bf6 30. Rd2 Rc4 31. h4 Qc6 32. Qd7 Qxd7 33. Rxd7 Rc6 34. Ra7 g6 35. Kg2 Kg7 36. Kf3 Be5 37. Ke4 Bc3 38. g4 Bf6 39. h5 Bc3 40. f4 gxh5 41. gxh5 Kf6 42. Kd3 e5 43. Rb7 exf4 44. exf4 Ke6 45. Rb6 Rxb6 46. axb6 Bb4 47. b7 Bd6 48. Nc5+ Kf5 49. Nxa6 Kxf4 50. b8Q Bxb8 51. Nxb8 Kg4 52. Nc6 Kxh5 53. Nd4 Kg4 54. Nxb5 h5 55. Nd4 h4 56. Ke3 h3 57. Kf2 Kf4 58. a4 Ke5 59. a5 Kd6 60. Kg3 1-0

[Event "BEL-chT 1011"]
[Site "Belgium"]
[Date "2010.10.10"]
[Round "2.3"]
[White "De Gueldre, Philippe"]
[Black "Gulbas, Cemil"]
[Result "1/2-1/2"]
[WhiteElo "2135"]
[BlackElo "2444"]
[PlyCount "135"]
[EventDate "2010.09.26"]
[EventType "team-tourn"]
[EventRounds "11"]
[EventCountry "BEL"]
[SourceTitle "EXT 2012"]
[Source "ChessBase"]
[SourceDate "2011.11.24"]
[SourceVersion "1"]
[SourceVersionDate "2011.11.24"]
[SourceQuality "1"]
[WhiteTeam "Liege Crelel"]
[BlackTeam "Ans"]
[WhiteTeamCountry "BEL"]
[BlackTeamCountry "BEL"]

1. e4 c5 2. Nf3 Nc6 3. d4 cxd4 4. Nxd4 e6 5. Nc3 Qc7 6. Be2 a6 7. 0-0 Nf6 8. Be3 Bb4 9. Na4 Bd6 10. g3 Nxe4 11. Bf3 Nf6 12. Nxc6 bxc6 13. Bb6 Qb8 14. c4 0-0 15. Qd2 Bc7 16. Qa5 Bxb6 17. Nxb6 Ra7 18. c5 Nd5 19. Nc4 Rb7 20. Rab1 Rb5 21. Qa3 Qa7 22. b4 Qb8 23. Bxd5 cxd5 24. Nd6 Bb7 25. Nxb5 axb5 26. Qa5 Bc6 27. Qa3 Qc7 28. Qd3 Ra8 29. Ra1 Ra4 30. a3 Qe5 31. Rfe1 Qh5 32. Qd4 f6 33. f4 Qg4 34. Qd1 Qg6 35. Qb1 Qh5 36. Qd1 Qh3 37. Qd4 h5 38. Re3 Kf7 39. Rf1 Ra8 40. Rf2 Rh8 41. Rg2 Qg4 42. Rd3 Re8 43. Rgd2 h4 44. Qf2 hxg3 45. Qxg3 Qf5 46. Rd4 Rh8 47. Qd3 Qxd3 48. R4xd3 Kg6 49. Rd4 Kf5 50. Rf2 Rh3 51. Rg2 Rxa3 52. Rxg7 e5 53. fxe5 fxe5 54. Rd2 e4 55. Rf2+ Ke5 56. h4 e3 57. Re7+ Kd4 58. Re2 Ra1+ 59. Kh2 Kc4 60. R2xe3 d4 61. Re1 Ra2+ 62. R7e2 Rxe2+ 63. Rxe2 d3 64. Rf2 Kc3 65. Kg3 d2 66. Rf1 Be4 67. h5 Kc2 68. Kf4 1/2-1/2

[Event "BEL-chT 0910"]
[Site "Belgium"]
[Date "2009.11.29"]
[Round "5"]
[White "Van der Stricht, Geert"]
[Black "De Gueldre, Philippe"]
[Result "1-0"]
[WhiteElo "2390"]
[BlackElo "2161"]
[PlyCount "51"]
[EventDate "2009.09.27"]
[EventType "team-tourn"]
[EventRounds "11"]
[EventCountry "BEL"]
[SourceTitle "EXT 2011"]
[Source "ChessBase"]
[SourceDate "2010.11.26"]
[SourceVersion "1"]
[SourceVersionDate "2010.11.26"]
[SourceQuality "1"]
[WhiteTeam "KGSRL"]
[BlackTeam "Liege Crelel"]
[WhiteTeamCountry "BEL"]
[BlackTeamCountry "BEL"]

1. d4 f5 2. g3 Nf6 3. Bg2 g6 4. Nf3 Bg7 5. c4 0-0 6. 0-0 d6 7. Nc3 Nc6 8. d5 Na5 9. Qd3 e5 10. dxe6 Bxe6 11. Nd5 c6 12. Ng5 Bc8 13. Nxf6+ Bxf6 14. h4 h6 15. Nf3 Be6 16. Bxh6 Bxc4 17. Qc2 Re8 18. Rfe1 Bd5 19. Rac1 Nc4 20. h5 Nxb2 21. hxg6 Be4 22. Qb3+ d5 23. Qxb7 Qe7 24. Qxe7 Bxe7 25. Rxc6 d4 26. Nxd4 1-0

[Event "BEL-chT 0910"]
[Site "Belgium"]
[Date "2009.11.22"]
[Round "4"]
[White "Bezemer, Arno J"]
[Black "De Gueldre, Philippe"]
[Result "1-0"]
[WhiteElo "2332"]
[BlackElo "2161"]
[PlyCount "79"]
[EventDate "2009.09.27"]
[EventType "team-tourn"]
[EventRounds "11"]
[EventCountry "BEL"]
[SourceTitle "EXT 2011"]
[Source "ChessBase"]
[SourceDate "2010.11.26"]
[SourceVersion "1"]
[SourceVersionDate "2010.11.26"]
[SourceQuality "1"]
[WhiteTeam "Jean Jaures"]
[BlackTeam "Liege Crelel"]
[WhiteTeamCountry "BEL"]
[BlackTeamCountry "BEL"]

1. d4 Nf6 2. c4 e6 3. Nc3 d5 4. cxd5 exd5 5. Bg5 c6 6. Qc2 g6 7. e3 Bg7 8. Bd3 0-0 9. Nf3 Be6 10. 0-0 Nbd7 11. Rab1 c5 12. dxc5 Nxc5 13. Nd4 Rc8 14. Qe2 Qb6 15. f3 h6 16. Bh4 Nfd7 17. Bc2 Bxd4 18. exd4 Na6 19. Rfd1 Rfe8 20. Qd2 Kg7 21. Bb3 Nb4 22. Kh1 Bf5 23. Ra1 Nf6 24. Na4 Qb5 25. Bxf6+ Kxf6 26. Nc3 Qd3 27. Qxh6 Qe3 28. Qxe3 Rxe3 29. a3 Rcxc3 30. bxc3 Rxc3 31. axb4 Rxb3 32. Rxa7 Rxb4 33. h4 Bc2 34. Rd2 Ba4 35. Kh2 Rc4 36. Rxb7 Rc2 37. Rxc2 Bxc2 38. Kg3 Bd3 39. Kf4 Bc4 40. Rb6+ 1-0

[Event "BEL-chT 0910"]
[Site "Belgium"]
[Date "2009.11.08"]
[Round "3"]
[White "De Gueldre, Philippe"]
[Black "Donovan, Linton"]
[Result "0-1"]
[WhiteElo "2161"]
[BlackElo "2200"]
[PlyCount "60"]
[EventDate "2009.09.27"]
[EventType "team-tourn"]
[EventRounds "11"]
[EventCountry "BEL"]
[SourceTitle "EXT 2011"]
[Source "ChessBase"]
[SourceDate "2010.11.26"]
[SourceVersion "1"]
[SourceVersionDate "2010.11.26"]
[SourceQuality "1"]
[WhiteTeam "Liege Crelel"]
[BlackTeam "KBSK Brugge"]
[WhiteTeamCountry "BEL"]
[BlackTeamCountry "BEL"]

1. e4 e6 2. d4 d5 3. Nc3 Bb4 4. e5 c5 5. a3 Ba5 6. b4 cxd4 7. bxa5 dxc3 8. Qg4 Ne7 9. Qxg7 Rg8 10. Qxh7 Nbc6 11. Nf3 Qc7 12. Bf4 Bd7 13. Bg3 Qxa5 14. Be2 0-0-0 15. Qd3 Nf5 16. 0-0 Qc5 17. Rfb1 Na5 18. Kh1 Rg4 19. Rb4 Rxb4 20. axb4 Qxb4 21. Bf4 a6 22. Bc1 Nc4 23. g4 Nb2 24. Bxb2 cxb2 25. Rb1 Qxg4 26. Qc3+ Kb8 27. Qxb2 Bc6 28. Qc3 Rc8 29. Qa3 d4 30. Rg1 Qf4 0-1

[Event "BEL-chT 0910"]
[Site "Belgium"]
[Date "2009.10.18"]
[Round "2"]
[White "Wemmers, Xander"]
[Black "De Gueldre, Philippe"]
[Result "1-0"]
[WhiteElo "2378"]
[BlackElo "2161"]
[PlyCount "143"]
[EventDate "2009.09.27"]
[EventType "team-tourn"]
[EventRounds "11"]
[EventCountry "BEL"]
[SourceTitle "EXT 2011"]
[Source "ChessBase"]
[SourceDate "2010.11.26"]
[SourceVersion "1"]
[SourceVersionDate "2010.11.26"]
[SourceQuality "1"]
[WhiteTeam "Borgerhout"]
[BlackTeam "Liege Crelel"]
[WhiteTeamCountry "BEL"]
[BlackTeamCountry "BEL"]

1. e4 c5 2. Nf3 d6 3. d4 cxd4 4. Nxd4 Nf6 5. Nc3 a6 6. h3 e6 7. g4 h6 8. Bg2 Be7 9. Be3 Qc7 10. Qe2 Nc6 11. 0-0-0 Bd7 12. f4 Na5 13. Kb1 Rc8 14. Rhe1 b5 15. g5 hxg5 16. fxg5 Nh5 17. Nf5 b4 18. e5 d5 19. Nd6+ Bxd6 20. exd6 Qc4 21. Nxd5 exd5 22. Bb6+ Qxe2 23. Rxe2+ Kf8 24. Bxa5 Nf4 25. Rf2 Nxg2 26. Rxg2 Rxh3 27. Bxb4 g6 28. b3 Ke8 29. Rxd5 Be6 30. Re2 Kd7 31. Ra5 Rc6 32. Kb2 Rh4 33. c4 Rh3 34. Rae5 Rh4 35. a3 Rg4 36. c5 Rg3 37. Bc3 Rc8 38. b4 Kc6 39. a4 Rb8 40. Kc2 Kd7 41. b5 axb5 42. axb5 Rxb5 43. c6+ Kxc6 44. Rxb5 Kxb5 45. Rxe6 Kc6 46. Re5 Kxd6 47. Ra5 Ke6 48. Kd2 Rg2+ 49. Ke1 Rc2 50. Bf6 Rg2 51. Re5+ Kd7 52. Kf1 Rc2 53. Re7+ Kd6 54. Rxf7 Ke6 55. Re7+ Kf5 56. Re2 Rc1+ 57. Kf2 Kf4 58. Ra2 Kg4 59. Ke3 Re1+ 60. Re2 Rb1 61. Ke4 Rb5 62. Rg2+ Kh3 63. Rg1 Kh2 64. Rd1 Kg3 65. Rd5 Rb1 66. Ke5 Kg4 67. Ke6 Rb4 68. Kf7 Kh5 69. Rd1 Rb7+ 70. Be7 Kg4 71. Kxg6 Rxe7 72. Rd4+ 1-0

[Event "BEL-chT 0910"]
[Site "Belgium"]
[Date "2009.09.27"]
[Round "1"]
[White "De Gueldre, Philippe"]
[Black "Hovhannisyan, Mher"]
[Result "0-1"]
[WhiteElo "2161"]
[BlackElo "2471"]
[PlyCount "38"]
[EventDate "2009.09.27"]
[EventType "team-tourn"]
[EventRounds "11"]
[EventCountry "BEL"]
[SourceTitle "EXT 2011"]
[Source "ChessBase"]
[SourceDate "2010.11.26"]
[SourceVersion "1"]
[SourceVersionDate "2010.11.26"]
[SourceQuality "1"]
[WhiteTeam "Liege Crelel"]
[BlackTeam "Wirtzfeld"]
[WhiteTeamCountry "BEL"]
[BlackTeamCountry "BEL"]

1. e4 e6 2. d4 d5 3. Nc3 Nf6 4. Bg5 Be7 5. e5 Nfd7 6. h4 h6 7. Bxe7 Qxe7 8. Qg4 0-0 9. f4 c5 10. Nf3 cxd4 11. Nxd4 Nc6 12. Nxc6 bxc6 13. Bd3 Qb4 14. a3 Qxb2 15. Kd2 Qb6 16. Rh3 f5 17. Qg6 Nc5 18. Rg3 Rf7 19. Be2 d4 0-1

[Event "BEL-chT 0506"]
[Site "Belgium"]
[Date "2006.01.08"]
[Round "6"]
[White "De Gueldre, Philippe"]
[Black "Buhr, Carl Christian"]
[Result "1-0"]
[WhiteElo "2168"]
[BlackElo "2285"]
[PlyCount "79"]
[EventDate "2005.10.09"]
[EventType "team-tourn"]
[EventRounds "11"]
[EventCountry "BEL"]
[SourceTitle "EXT 2007"]
[Source "ChessBase"]
[SourceDate "2006.11.23"]
[SourceVersion "1"]
[SourceVersionDate "2006.11.23"]
[SourceQuality "1"]
[WhiteTeam "KSK47 Eynatten II"]
[BlackTeam "SK Rochade"]
[WhiteTeamCountry "BEL"]
[BlackTeamCountry "BEL"]

1. e4 c5 2. Nf3 Nc6 3. Nc3 d6 4. d4 cxd4 5. Nxd4 e6 6. Be2 Nf6 7. 0-0 Be7 8. Be3 0-0 9. f4 Qc7 10. Kh1 Bd7 11. a4 a6 12. Bg1 Rfe8 13. Nb3 b6 14. g4 Bc8 15. g5 Nd7 16. Bd3 g6 17. Qg4 Bf8 18. Rf3 Bg7 19. Qh4 Bb7 20. Rh3 Nf8 21. Qf2 Rab8 22. Qxb6 Qc8 23. Qe3 d5 24. Qf3 Bxc3 25. bxc3 e5 26. Nc5 exf4 27. Rh4 Ne5 28. Qxf4 Ne6 29. Nxe6 Rxe6 30. Bd4 Nxd3 31. cxd3 dxe4 32. Rxh7 exd3+ 33. Kg1 f6 34. Qh4 Re8 35. Rh8+ Kf7 36. Qh7+ Ke6 37. Rxe8+ Qxe8 38. Re1+ Kd6 39. Rxe8 Rxe8 40. Qh4 1-0

[Event "BEL-chT 0506"]
[Site "Belgium"]
[Date "2005.11.06"]
[Round "3"]
[White "Pannekoek, Willem Jan"]
[Black "De Gueldre, Philippe"]
[Result "1-0"]
[WhiteElo "2083"]
[BlackElo "2168"]
[PlyCount "55"]
[EventDate "2005.10.09"]
[EventType "team-tourn"]
[EventRounds "11"]
[EventCountry "BEL"]
[SourceTitle "EXT 2006"]
[Source "ChessBase"]
[SourceDate "2005.11.24"]
[SourceVersion "1"]
[SourceVersionDate "2005.11.24"]
[SourceQuality "1"]
[WhiteTeam "Jean Jaures"]
[BlackTeam "KSK47 Eynatten II"]
[WhiteTeamCountry "BEL"]
[BlackTeamCountry "BEL"]

1. e4 c5 2. Nf3 a6 3. b3 d6 4. Bb2 Nc6 5. d4 cxd4 6. Nxd4 e5 7. Nxc6 bxc6 8. Bd3 Nf6 9. 0-0 Be7 10. Nd2 0-0 11. Nc4 Be6 12. Qe2 Nd7 13. Ba3 Bxc4 14. Bxc4 Qa5 15. Bxd6 Bxd6 16. Rad1 Bc5 17. Rxd7 Rad8 18. Rfd1 Rxd7 19. Rxd7 Qa3 20. g3 Kh8 21. Qf3 f5 22. exf5 Qc1+ 23. Kg2 Qxc2 24. Bd3 Qd2 25. f6 g6 26. Rxh7+ Kg8 27. Rg7+ Kh8 28. Rxg6 1-0

[Event "Charleroi op 3rd"]
[Site "Charleroi"]
[Date "2004.08.03"]
[Round "5"]
[White "Lui, Eric"]
[Black "De Gueldre, Philippe"]
[Result "1/2-1/2"]
[WhiteElo "2011"]
[BlackElo "2108"]
[PlyCount "40"]
[EventDate "2004.07.03"]
[EventType "swiss"]
[EventRounds "9"]
[EventCountry "BEL"]
[SourceTitle "CBM 101 Extra"]
[Source "ChessBase"]
[SourceDate "2004.09.01"]
[SourceVersion "2"]
[SourceVersionDate "2004.09.01"]
[SourceQuality "1"]

1. e4 c5 2. Nf3 Nc6 3. Bb5 g6 4. c3 Bg7 5. 0-0 Nf6 6. Re1 0-0 7. d4 cxd4 8. cxd4 d5 9. e5 Ne4 10. h3 Qb6 11. Bd3 Rd8 12. Nc3 Nxd4 13. Nxd5 Nxf3+ 14. Qxf3 Qxf2+ 15. Qxf2 Nxf2 16. Bc4 Be6 17. Nxe7+ Kf8 18. Nxg6+ hxg6 19. Bxe6 Nd3 20. Rf1 Nxe5 1/2-1/2